1112 1586 1488 1679 1347 1947 1327 1587 1775 1381 1352 1029 1152 1864 1981 1551 1569 1279 1452 1592 1057 1922 1872 1497 1475 1370 1373 1510 1171 1056 1338 1244 1744 1965 1482 1996 1094 1924 1425 1612 1299 1728 1382 1199 1612 1705 1863 1857 1473 1803 1377 1495 1715 1437 1841 1040 1031 1813 1006 1967 1267 1568 1620 1736 1244 1049 1337 1091 1964 1192 1577 1944 1001 1021 1768 1627 1659 1164 1618 1372 1440 1483 1967 1829 1103 1734 1253 1288 1434 1263 1297 1237 1084 1234 1303 1564 1028 1520 1622 BCNSPRNW ULIB Ver.6.0+V

เปลี่ยนเป็นภาษาไทย

Change to English
 แสดงรายละเอียดบรรณานุกรม
  กลับหน้าหลัก

Brief Record : Get Marc (ISO 2709) : E-mail record : QR code < ปิดหน้าต่าง
LEADER : 00000nam 2200000uu 4500
001    13399125139
003     ULIB
008    161019s2550||||th 000 0 tha d
099    ^aวจ.LB1028^bช616ก
100 0  ^aชุติพร จริตงาม
245 00 ^aการศึกษาเปรียบเทียบผลสัมฤทธิ์ทางการเรียน เรื่องระบบต่อมไร้ท่อระหว่างการใช้บทเรียนคอมพิวเตอร์ช่วยสอนกับการสอนแบบบรรยายของนักศึกษาพยาบาลศาสตร์บัณฑิต วิทยาลัยพยาบาลบรมราชชนนี สวรรค์ประชารักษ์ นครสวรรค์/^cชุติพร จริตงาม และจิราจันทร์ คณฑา
260    ^aนครสวรรค์ :^bวิทยาลัยพยาบาลบรมราชชนนี สวรรค์ประชารักษ์ นครสวรรค์,^c2550
300    ^a77 หน้า
700 0  ^aจิราจันทร์ คณฑา
710 1  ^aวิทยาลัยพยาบาลบรมราชชนนี สวรรค์ประชารักษ์ นครสวรรค์
945    ^p0^l0^i001397
995    ^aณรีรัตน์
999 ^a ณรีรัตน์
รายการนี้ยังไม่มีแท็ก
คุณยังไม่ได้ล็อกอิน คุณสามารถมีกิจกรรมร่วมกับเว็บไซต์ได้ แต่ต้องล็อกอินก่อน ::
  ล็อกอิน

รายการสื่อสารสนเทศ

ลำดับที่ ประเภท เลขเรียก/บาร์โค้ด สถานที่ สถานะ
1. งานวิจัย
งานวิจัย
วจ.LB1028 ช616ก ฉ.1 
  Barcode: 001397
ห้องสมุดวิทยาเขตสวรรค์ประชารักษ์
►วิจัย
บนชั้น

รายการใกล้เคียง
    ผู้แต่ง [ชุติพร จริตงาม]

BibComment


ยังไม่เคยถูกคอมเมนท์

คอมเมนท์ทรัพยากรรายการนี้
  คอมเมนท์: การศึกษาเปรียบเท..


 Copyright 2026. Bcnsprnw @Library